Linien der SOB #2 - Statistiken

Allgemein
  • Dieses Quiz wurde 28 mal gespielt
  • Das Durchschnittsergebnis liegt bei 41 aus 68
Antwortstatistiken
Haltestellen % Korrekt
St. Gallen
100%
St. Gallen
100%
Buchs SG
83%
Rapperswil SG
83%
Rapperswil SG
83%
Rapperswil SG
83%
Ziegelbrücke
83%
Ziegelbrücke
83%
Sargans
78%
Sargans
78%
Walenstadt
78%
Altstätten SG
72%
Glarus
72%
St. Margrethen SG
72%
Uznach
72%
Uznach
72%
Uznach
72%
Ennenda
67%
Flums
67%
Herisau
67%
Herisau
67%
Kaltbrunn
67%
Linthal
67%
Netstal
67%
Nieder- und Oberurnen
67%
Rorschach
67%
Rüti GL
67%
Schwanden GL
67%
Sevelen
67%
Wattwil
67%
Lichtensteig
61%
Heerbrugg
56%
Linthal Braunwaldbahn
56%
Mühlehorn
56%
Näfels-Mollis
56%
Nidfurn-Haslen
56%
Schmerikon
56%
Schmerikon
56%
Unterterzen
56%
Au SG
50%
Benken SG
50%
Benken SG
50%
Blumenau
50%
Blumenau
50%
Leuggelbach
50%
Mels
50%
Murg
50%
Rheineck
50%
Rorschach Stadt
50%
Rüthi SG
50%
Schänis
50%
Schänis
50%
St. Gallen Haggen
50%
St. Gallen Haggen
50%
Brunnadern-Neckertal
44%
Degersheim
44%
Diesbach-Betschwanden
44%
Goldach
44%
Luchsingen-Hätzingen
44%
Mitlödi
44%
Mogelsberg
44%
Mörschwil
44%
Oberriet SG
44%
Rebstein-Marbach
44%
Salez-Sennwald
44%
Schachen
44%
Staad SG
44%
St. Gallen St. Fiden
44%
Keine übereinstimmenden Quizze gefunden
Verteilung der Resultate
Anzahl Personen mit jedem Resultat
Perzentil nach korrekt beantworteten Fragen
Ihre Resultats-Entwicklung
Sie haben dieses Quiz noch nicht gespielt